[Event "Mondiale Lampo FIDE 2019"]
[Site "Mosca"]
[Date "30.12.2019"]
[Round "18.97"]
[White "Al Ghamdi, Ahmed M"]
[Black "Mesropov, Konstantin"]
[Result "1-0"]
[WhiteTitle "CM"]
[BlackTitle "IM"]
[WhiteElo "2107"]
[BlackElo "2422"]
[WhiteFideId "21500150"]
[BlackFideId "4116887"]
[EventDate "2019.12.29"]

1. e4 e6 2. d4 d5 3. Nc3 h6 4. Nf3 Nf6 5. e5 Ne4 6. Bd3 Bb4 7. Bd2 Nxd2 8. Qxd2
b6 9. a3 Bxc3 10. Qxc3 O-O 11. O-O Ba6 12. Bxa6 Nxa6 13. b4 Nb8 14. Qd3 c5 15.
c3 Nd7 16. Rfe1 Qc7 17. Rac1 Rfc8 18. Qe3 Qd8 19. Qf4 a5 20. b5 a4 21. h4 Qe7
22. g4 cxd4 23. Nxd4 Qxh4 24. Nc6 Nc5 25. Re3 Rc7 26. Kg2 Qg5 27. Qxg5 hxg5 28.
Rh1 f6 29. exf6 Rf8 30. Ne7+ Kf7 31. fxg7 Kxg7 32. Reh3 Rxe7 33. Rh7+ Kf6 34.
R1h6+ Ke5 35. Rxe7 Rf4 36. f3 Rc4 37. Rg7 Rxc3 38. Rxg5+ Kf4 39. Rg7 Rc2+ 40.
Kh3 Kxf3 41. Rf6+ Ke3 42. Re7 d4 43. g5 Rc1 44. Kg2 Rc2+ 45. Kg3 Rc1 46. Kg2
Rc2+ 47. Kg3 Ne4+ 48. Kh3 Nxf6 49. gxf6 Rf2 50. Rxe6+ Kd2 51. Rxb6 d3 52. Rd6
Kc2 53. b6 d2 54. b7 Rxf6 55. Rxd2+ Kxd2 56. b8=Q Rf3+ 57. Kg4 Rxa3 58. Qb4+ Rc3
59. Kf4 a3 60. Ke4 Kc2 61. Kd4 Rb3 62. Qc4+ Kb2 63. Qe2+ Kc1 64. Kc4 Rb2 65.
Qf1+ Kc2 66. Qd3+ Kc1 67. Qxa3 Kb1 68. Qd3+ Ka2 69. Qf1 Rc2+ 70. Kb4 Rb2+ 71.
Ka4 Rc2 72. Qd3 Kb2 73. Kb4 Rc1 74. Qb3+ Ka1 75. Ka3 Rc2 76. Qd5 Kb1 77. Qd1+
Rc1 78. Qd3+ Rc2 79. Kb3 Ka1 80. Kxc2 1-0

[Event "Mondiale Lampo FIDE 2019"]
[Site "Mosca"]
[Date "30.12.2019"]
[Round "18.98"]
[White "Faizrakhmanov, Ramil"]
[Black "Usov, Aleksandr E."]
[Result "1-0"]
[WhiteTitle "IM"]
[WhiteElo "2434"]
[BlackElo "2012"]
[WhiteFideId "24103209"]
[BlackFideId "24257109"]
[EventDate "2019.12.29"]

1. d4 d5 2. c4 c6 3. Nc3 Nf6 4. e3 Bf5 5. cxd5 cxd5 6. Qb3 Qd7 7. Bb5 Nc6 8. Nf3
e6 9. Ne5 Qc7 10. Qa4 Bd6 11. Nxc6 bxc6 12. Bxc6+ Ke7 13. Bxa8 Rxa8 14. Bd2 Bd3
15. Rc1 Qb7 16. Qb3 Qa6 17. a4 Rb8 18. Nb5 Bc4 19. Rxc4 dxc4 20. Qxc4 Rc8 21.
Qd3 Qxa4 22. Nxd6 Kxd6 23. O-O Qc6 24. h3 Rc7 25. e4 Kd7 26. f3 Rb7 27. Bc3 Qb5
28. Qd2 Ke8 29. Ra1 Qc4 30. Qg5 Kf8 31. Ra5 h6 32. Qe5 Ke7 33. Rc5 Qa6 34. Rc7+
Nd7 35. Rxb7 Qxb7 36. Qxg7 h5 37. Qg5+ Ke8 38. Qxh5 Qb3 39. d5 Qb6+ 40. Kh1 exd5
41. Qxd5 Qa6 42. Bb4 Qb6 43. Qa8+ Nb8 44. Bc3 Qd6 45. Qxa7 Qd1+ 46. Qg1 Qd6 47.
Qd4 Qe6 48. Qe5 Nc6 49. Qxe6+ fxe6 50. b4 Na7 51. Be5 Nc6 52. Bd6 Kd7 53. Bc5
Ne5 54. b5 Nd3 55. Bd4 e5 56. Be3 1-0

[Event "Mondiale Lampo FIDE 2019"]
[Site "Mosca"]
[Date "30.12.2019"]
[Round "18.99"]
[White "Guimaraes, Diogo Duarte"]
[Black "Al Mutairi, Hassan S"]
[Result "1-0"]
[WhiteTitle "FM"]
[BlackTitle "CM"]
[WhiteElo "2322"]
[BlackElo "1883"]
[WhiteFideId "2112450"]
[BlackFideId "21500193"]
[EventDate "2019.12.29"]

1. e4 e5 2. Nf3 d6 3. d4 Nd7 4. Bc4 c6 5. Ng5 Nh6 6. O-O Be7 7. Qh5 O-O 8. dxe5
Nxe5 9. Bb3 Bg4 10. Qh4 Ng6 11. Nxf7 Rxf7 12. Bxf7+ Kxf7 13. Qg3 Bh4 14. Qb3+
Be6 15. Qxb7+ Kg8 16. f4 Qb6+ 17. Qxb6 axb6 18. f5 Bc4 19. fxg6 Bxf1 20. gxh7+
Kxh7 21. Kxf1 Ng4 22. Ke2 Rf8 23. Be3 Nxe3 24. Kxe3 Rf1 25. g3 Bf6 26. c3 Kg6
27. a4 Be5 28. Kd3 Rf2 29. b4 Rxh2 30. a5 bxa5 31. bxa5 Bxg3 32. a6 Rh8 33. Nd2
Kf6 34. Nc4 Ke6 35. a7 d5 36. exd5+ cxd5 37. Nb6 Rh3 38. a8=Q Bf2+ 39. Ke2 Bxb6
40. Qc6+ 1-0

[Event "Mondiale Lampo FIDE 2019"]
[Site "Mosca"]
[Date "30.12.2019"]
[Round "18.100"]
[White "Mamatov, Melis"]
[Black "Miranda Neto, Jayme Amorim"]
[Result "1-0"]
[BlackTitle "CM"]
[WhiteElo "2292"]
[BlackElo "2102"]
[WhiteFideId "13800027"]
[BlackFideId "2115964"]
[EventDate "2019.12.29"]

1. e4 c6 2. d4 d5 3. Nd2 dxe4 4. Nxe4 Bf5 5. Ng3 Bg6 6. h4 h6 7. N1e2 Nd7 8. Nf4
Bh7 9. Bd3 Bxd3 10. Qxd3 Qc7 11. Bd2 O-O-O 12. O-O-O e6 13. Kb1 Bd6 14. Nge2
Ngf6 15. Qf3 Kb8 16. Nd3 e5 17. dxe5 Nxe5 18. Nxe5 Bxe5 19. Bf4 Bxf4 20. Nxf4
Rxd1+ 21. Rxd1 Rd8 22. g3 Qe7 23. Rxd8+ Qxd8 24. Nd3 Qd6 25. a4 Kc7 26. Qe3 b6
27. a5 Kb7 28. axb6 axb6 29. c3 Nd5 30. Qf3 Qe6 31. Kc2 f6 32. h5 f5 33. Kd2 Nf6
34. Nf4 Ne4+ 35. Kc2 Qd6 36. Qe3 Nf6 37. f3 Nd5 38. Qd4 Qd7 39. Nxd5 cxd5 40.
Qe5 Qa4+ 41. Kd2 Qd7 42. Ke3 Qf7 43. Kd4 Qxh5 44. Qxd5+ Ka6 45. Qa8+ Kb5 46. c4+
Kb4 47. Qa5+ 1-0

[Event "Mondiale Lampo FIDE 2019"]
[Site "Mosca"]
[Date "30.12.2019"]
[Round "18.101"]
[White "Masrahi, Abdulrahman A"]
[Black "Makarian, Rudik"]
[Result "0-1"]
[WhiteTitle "CM"]
[BlackTitle "IM"]
[WhiteElo "1956"]
[BlackElo "2397"]
[WhiteFideId "21501564"]
[BlackFideId "44105681"]
[EventDate "2019.12.29"]

1. d4 Nf6 2. Nf3 g6 3. Bf4 Bg7 4. e3 O-O 5. Be2 b6 6. h3 Bb7 7. O-O c5 8. c3 d6
9. a4 Nc6 10. Nbd2 Qc7 11. Bh2 Rfe8 12. Nc4 e5 13. Nfd2 Rad8 14. Nf3 Qc8 15. Rc1
Na5 16. Nxa5 bxa5 17. Re1 Qa8 18. Bf1 Bc6 19. Bb5 a6 20. Bxc6 Qxc6 21. c4 exd4
22. exd4 Rxe1+ 23. Qxe1 Qxa4 24. Qe7 Rd7 25. Qe3 cxd4 26. Nxd4 Rd8 27. b3 Qa3
28. Rd1 Re8 29. Qd2 Ne4 30. Qd3 Nc5 31. Qb1 Bxd4 32. Rxd4 Qxb3 33. Qd1 Qxd1+ 34.
Rxd1 Re4 35. Bxd6 Rxc4 36. Be5 Kf8 37. Bd6+ Ke8 38. Re1+ Kd7 39. Bg3 Ne6 40. Rb1
Kc6 41. Rb8 a4 42. Rc8+ Kd5 43. Ra8 Nc5 44. Rd8+ Kc6 45. Rc8+ Kd5 0-1

[Event "Mondiale Lampo FIDE 2019"]
[Site "Mosca"]
[Date "30.12.2019"]
[Round "18.102"]
[White "Al Nhier, Hamoud"]
[Black "Zarubitski, Viachaslau"]
[Result "0-1"]
[WhiteTitle "FM"]
[BlackTitle "IM"]
[WhiteElo "1934"]
[BlackElo "2451"]
[WhiteFideId "21500045"]
[BlackFideId "13509373"]
[EventDate "2019.12.29"]

1. c4 Nf6 2. g3 c6 3. Bg2 d5 4. cxd5 cxd5 5. d4 Nc6 6. Nf3 Bf5 7. O-O e6 8. Nc3
Be7 9. Bf4 O-O 10. Rc1 Rc8 11. h3 h6 12. g4 Bh7 13. Ne5 Nxe5 14. Bxe5 Nd7 15.
Bg3 Nb6 16. e4 dxe4 17. Nxe4 Rxc1 18. Qxc1 Qxd4 19. Rd1 Qa4 20. Nc3 Qa6 21. Qe3
Bf6 22. Be5 Nc4 23. Rd3 0-1

[Event "Mondiale Lampo FIDE 2019"]
[Site "Mosca"]
[Date "30.12.2019"]
[Round "18.103"]
[White "Al Thebaiti, Ahmed M"]
[Black "Mikhailovsky, Vladimir"]
[Result "0-1"]
[WhiteTitle "CM"]
[BlackTitle "CM"]
[WhiteElo "1976"]
[BlackElo "2209"]
[WhiteFideId "21502390"]
[BlackFideId "34105414"]
[EventDate "2019.12.29"]

1. d4 e5 2. dxe5 Nc6 3. Nf3 Nge7 4. Nc3 Ng6 5. e4 Ngxe5 6. Nxe5 Nxe5 7. Be2 Bc5
8. O-O d6 9. Na4 Bb6 10. Nxb6 axb6 11. f4 Nc6 12. Be3 O-O 13. Bd3 f5 14. Qh5 Qf6
15. c3 Ra5 16. b4 Ra3 17. b5 Rxc3 18. Qe2 Nb4 19. Bc4+ Be6 20. Bxe6+ Qxe6 21.
Bd2 Rc2 22. Qd1 Qxe4 23. Re1 Qd4+ 24. Be3 Qxd1 25. Rexd1 Re8 26. Bd2 Nxa2 27.
Be1 Ree2 28. Bg3 0-1

[Event "Mondiale Lampo FIDE 2019"]
[Site "Mosca"]
[Date "30.12.2019"]
[Round "19.1"]
[White "Firouzja, Alireza"]
[Black "Carlsen, Magnus"]
[Result "0-1"]
[WhiteTitle "GM"]
[BlackTitle "GM"]
[WhiteElo "2723"]
[BlackElo "2872"]
[WhiteFideId "12573981"]
[BlackFideId "1503014"]
[EventDate "2019.12.29"]

1. e4 e5 2. Nf3 Nc6 3. Bb5 a6 4. Ba4 d6 5. O-O Bd7 6. c3 g6 7. d4 Bg7 8. h3 Nf6
9. Bc2 O-O 10. Re1 Re8 11. Nbd2 Qe7 12. Nf1 Qf8 13. Ng3 Bh6 14. Ng5 Nd8 15. Bb3
Ne6 16. h4 Rad8 17. Be3 Bg7 18. h5 Bh6 19. Qc1 Ng4 20. Nxe6 fxe6 21. Rf1 Nxe3
22. fxe3 Qe7 23. hxg6 hxg6 24. Qd2 exd4 25. cxd4 Kg7 26. Rf3 Rf8 27. Raf1 Rxf3
28. Rxf3 Rf8 29. Qc3 c6 30. Nf1 e5 31. Rxf8 Kxf8 32. Qc4 Qf6 33. dxe5 dxe5 34.
Qb4+ c5 35. Qxb7 Bb5 36. Qc8+ Ke7 37. Qxc5+ Qd6 38. Qxd6+ Kxd6 39. Bf7 Bxf1 40.
Kxf1 g5 41. Ke2 Bf8 42. Kf3 Ke7 43. Bc4 a5 44. Ke2 Kd6 45. Bd5 Be7 46. Kf3 Bd8
47. Kg4 Be7 48. Kf5 Bd8 49. g4 Be7 50. a3 Bd8 51. b4 axb4 52. axb4 Be7 53. b5
Bd8 54. Kg6 Kc5 55. Kf5 Kxb5 56. Kxe5 Kc5 57. Ke6 Ba5 58. e5 Bd2 59. e4 Bc3 60.
Kf5 Kb6 61. e6 Kc7 62. Kg6 Kd8 63. Kxg5 Ke7 64. Kh5 Bd2 65. g5 Bf4 66. Kg4 Bd2 0-1

[Event "Mondiale Lampo FIDE 2019"]
[Site "Mosca"]
[Date "30.12.2019"]
[Round "19.4"]
[White "Duda, Jan-Krzysztof"]
[Black "Artemiev, Vladislav"]
[Result "1/2-1/2"]
[WhiteTitle "GM"]
[BlackTitle "GM"]
[WhiteElo "2758"]
[BlackElo "2731"]
[WhiteFideId "1170546"]
[BlackFideId "24101605"]
[EventDate "2019.12.29"]

1. d4 d5 2. Bf4 c5 3. e3 cxd4 4. exd4 Nc6 5. c3 Bf5 6. Nd2 e6 7. Ngf3 Bd6 8.
Bxd6 Qxd6 9. Nh4 Bg6 10. g3 Nf6 11. Nxg6 hxg6 12. Bd3 O-O-O 13. Nf3 e5 14. dxe5
Nxe5 15. Nxe5 Qxe5+ 16. Qe2 Qg5 17. Kf1 Rde8 18. Qf3 Qd2 19. Kg2 Re5 20. Rac1
Kb8 21. Rc2 Qh6 22. h3 Rhe8 23. Rd1 Rh8 24. Rh1 Rhe8 25. c4 Qh5 26. Qxh5 gxh5
27. cxd5 Rxd5 28. Bc4 Rc5 29. Rhc1 Re7 30. Bb3 Rxc2 31. Rxc2 Nd7 32. f4 b6 33.
Kf3 Nc5 34. Bc4 f6 35. b4 Nb7 36. Rd2 Kc7 37. Bd3 Nd6 38. h4 f5 39. Rc2+ Kd7 40.
Rc1 g6 41. a4 Ke6 42. a5 bxa5 43. bxa5 Rb7 44. Rc6 Kd5 45. Ra6 Rb3 46. Ke2 Rb7
47. Kf2 Kc5 48. Kg2 Re7 49. Kf2 Rd7 50. Kg2 Kd4 51. Be2 Kc5 52. Bf3 Kb5 53. Be2+
Kc5 54. Bf3 Kb5 55. Be2+ Kc5 1/2-1/2

[Event "Mondiale Lampo FIDE 2019"]
[Site "Mosca"]
[Date "30.12.2019"]
[Round "19.6"]
[White "Vidit, Santosh Gujrathi"]
[Black "Sarana, Alexey"]
[Result "0-1"]
[WhiteTitle "GM"]
[BlackTitle "GM"]
[WhiteElo "2721"]
[BlackElo "2663"]
[WhiteFideId "5029465"]
[BlackFideId "24133795"]
[EventDate "2019.12.29"]

1. d4 Nf6 2. c4 e6 3. Nf3 d5 4. g3 Bb4+ 5. Bd2 Be7 6. Bg2 c6 7. O-O Nbd7 8. Qc2
O-O 9. b3 a5 10. Bc3 b6 11. Nbd2 Bb7 12. e4 dxe4 13. Nxe4 c5 14. Nxf6+ Nxf6 15.
Rad1 Qc7 16. dxc5 bxc5 17. Ng5 Bxg2 18. Bxf6 g6 19. Nxe6 fxe6 20. Bxe7 Bxf1 21.
Bxf8 Bh3 22. Bh6 Qc6 23. f4 Qf3 24. Re1 Rd8 25. Qe2 Qxe2 26. Rxe2 Kf7 27. Kf2
Rd1 28. Ke3 a4 29. bxa4 Rc1 30. Rb2 Rxc4 31. Rb7+ Ke8 32. a5 Ra4 33. Rxh7 Rxa5
34. Ke4 c4 35. Rc7 Bf5+ 36. Kd4 Rxa2 37. Rxc4 Rxh2 0-1

[Event "Mondiale Lampo FIDE 2019"]
[Site "Mosca"]
[Date "30.12.2019"]
[Round "19.7"]
[White "Aronian, Levon"]
[Black "Karjakin, Sergey"]
[Result "1-0"]
[WhiteTitle "GM"]
[BlackTitle "GM"]
[WhiteElo "2775"]
[BlackElo "2754"]
[WhiteFideId "13300474"]
[BlackFideId "14109603"]
[EventDate "2019.12.29"]

1. Nf3 d5 2. d4 Nf6 3. Bf4 e6 4. e3 Bd6 5. Bg3 O-O 6. Nbd2 b6 7. c3 c5 8. Ne5
Qc7 9. f4 Ba6 10. Bxa6 Nxa6 11. Bh4 Nd7 12. Qg4 f5 13. Qe2 Nab8 14. O-O Nc6 15.
g4 Bxe5 16. fxe5 f4 17. Nf3 Rae8 18. e4 b5 19. exd5 exd5 20. Qxb5 Rb8 21. Qd3
cxd4 22. cxd4 Rxb2 23. Ng5 g6 24. Ne6 Qb6 25. Rf2 Ncxe5 26. dxe5 Rxf2 27. Qxd5
Rd2+ 28. Nd4+ Kh8 29. Bf2 Nc5 30. e6 Rxf2 31. e7 1-0

[Event "Mondiale Lampo FIDE 2019"]
[Site "Mosca"]
[Date "30.12.2019"]
[Round "19.8"]
[White "Giri, Anish"]
[Black "Mamedyarov, Shakhriyar"]
[Result "1-0"]
[WhiteTitle "GM"]
[BlackTitle "GM"]
[WhiteElo "2769"]
[BlackElo "2772"]
[WhiteFideId "24116068"]
[BlackFideId "13401319"]
[EventDate "2019.12.29"]

1. e4 c6 2. Nf3 d5 3. d3 g6 4. e5 c5 5. c3 d4 6. cxd4 cxd4 7. Bf4 Nc6 8. Nbd2
Bh6 9. Bg3 Bg7 10. Be2 Nh6 11. O-O Nf5 12. Bf4 O-O 13. Re1 Qd5 14. Bf1 Be6 15.
h3 Rac8 16. g4 Nh6 17. Ne4 f5 18. exf6 exf6 19. Bg2 Nf7 20. g5 fxg5 21. Nfxg5
Qf5 22. Nxe6 Qxe6 23. Nd6 Qf6 24. Nxc8 Qxf4 25. Ne7+ Nxe7 26. Rxe7 Be5 27. Qg4
Qh2+ 28. Kf1 Bd6 29. Rd7 Bg3 30. Qe6 Bh4 31. Re1 Qf4 32. Qe2 Kh8 33. Kg1 Qf6 34.
Rd5 Nd6 35. Rf1 Re8 36. Qf3 Nf5 37. Rd7 b6 38. Rxa7 Qe5 39. Ra8 Rxa8 40. Qxa8+
Kg7 41. Qe4 Qb5 42. Qe2 Bg5 43. Re1 Kh6 44. Be4 Nh4 45. b3 Qa5 46. Rf1 Bf6 47.
f4 Qc5 48. Kh1 Qc8 49. Qg4 Qc2 50. Qg3 Qxa2 51. Bd5 Qa5 52. Be4 Qd2 53. f5 g5
54. Qd6 Kg7 55. Qc7+ Kh6 56. Qd6 Kg7 57. Qc7+ Kh6 58. Qf7 Be5 59. Qe6+ Ng6 60.
Bg2 g4 61. fxg6 gxh3 62. Qxh3+ 1-0

[Event "Mondiale Lampo FIDE 2019"]
[Site "Mosca"]
[Date "30.12.2019"]
[Round "19.9"]
[White "Zubov, Alexander"]
[Black "Savchenko, Boris"]
[Result "1-0"]
[WhiteTitle "GM"]
[BlackTitle "GM"]
[WhiteElo "2601"]
[BlackElo "2577"]
[WhiteFideId "14109409"]
[BlackFideId "4147332"]
[EventDate "2019.12.29"]

1. d4 d5 2. Nf3 Nf6 3. c4 e6 4. Nc3 a6 5. cxd5 exd5 6. Bf4 Bd6 7. Bg3 O-O 8. e3
Bg4 9. Bd3 Nc6 10. a3 Bh5 11. Rc1 Re8 12. O-O Bxg3 13. hxg3 Bg6 14. Na4 Bxd3 15.
Qxd3 Rb8 16. Qc2 Re7 17. Nc5 Na7 18. Ne5 Nb5 19. a4 Nd6 20. Nxa6 bxa6 21. Nc6
Qe8 22. Nxe7+ Qxe7 23. Qxc7 Qxc7 24. Rxc7 h5 25. Rb1 Nfe4 26. Rc6 Nc4 27. Rxa6
Ned2 28. Ra1 Rxb2 29. Ra8+ Kh7 30. a5 Ne4 31. a6 Rxf2 32. Re8 Nxe3 33. Rxe4
Rxg2+ 34. Kh1 dxe4 35. a7 Rxg3 36. a8=Q f5 37. Qe8 g6 38. Qe7+ Kh6 39. Ra8 Rh3+
40. Kg1 Rg3+ 41. Kf2 Rf3+ 42. Ke2 1-0

[Event "Mondiale Lampo FIDE 2019"]
[Site "Mosca"]
[Date "30.12.2019"]
[Round "19.10"]
[White "Mamedov, Rauf"]
[Black "Dubov, Daniil"]
[Result "1-0"]
[WhiteTitle "GM"]
[BlackTitle "GM"]
[WhiteElo "2659"]
[BlackElo "2690"]
[WhiteFideId "13401653"]
[BlackFideId "24126055"]
[EventDate "2019.12.29"]

1. e4 c5 2. c3 Nf6 3. e5 Nd5 4. Nf3 d6 5. d4 cxd4 6. cxd4 Nc6 7. Bc4 e6 8. O-O
Be7 9. Bd2 O-O 10. Nc3 Nxc3 11. Bxc3 dxe5 12. dxe5 Qxd1 13. Rfxd1 Rd8 14. Rxd8+
Bxd8 15. Rd1 Be7 16. Bd3 Kf8 17. h4 h6 18. g4 Ke8 19. g5 hxg5 20. hxg5 g6 21.
Kg2 Bd7 22. Rh1 Kd8 23. Be4 Kc7 24. a3 a5 25. Rh7 Be8 26. Rh1 Rc8 27. Kg3 b6 28.
Kf4 Bc5 29. Kg3 Rd8 30. Rc1 Kb8 31. Rc2 Bf8 32. Rc1 Ne7 33. Bd4 b5 34. Bb6 Rc8
35. Rxc8+ Kxc8 36. Bxa5 Bc6 37. Bxc6 Nxc6 38. Bc3 Bc5 39. Nd2 Nd4 40. Ne4 Ne2+
41. Kf3 Nxc3 42. Nxc5 Nd5 43. Ne4 Kd7 44. Nd6 b4 45. axb4 Nxb4 46. Nxf7 Ke7 47.
Nh8 Nd3 48. Nxg6+ Kf7 49. Nf4 Nxe5+ 50. Ke4 Nc4 51. b4 Nd2+ 52. Ke3 Nc4+ 53. Kd4
Nd6 54. Kc5 Ne4+ 55. Kc6 Nxg5 56. b5 1-0

[Event "Mondiale Lampo FIDE 2019"]
[Site "Mosca"]
[Date "30.12.2019"]
[Round "19.11"]
[White "Matlakov, Maxim"]
[Black "Tomashevsky, Evgeny"]
[Result "1-0"]
[WhiteTitle "GM"]
[BlackTitle "GM"]
[WhiteElo "2699"]
[BlackElo "2705"]
[WhiteFideId "4168003"]
[BlackFideId "4147235"]
[EventDate "2019.12.29"]

1. c4 Nf6 2. Nc3 e5 3. Nf3 Nc6 4. d3 Bb4 5. Bd2 O-O 6. e3 Re8 7. Be2 d5 8. cxd5
Nxd5 9. Rc1 Bf8 10. a3 a5 11. Na4 Nf6 12. Nc3 Bf5 13. e4 Bg4 14. Be3 Bxf3 15.
Bxf3 Nd4 16. Ne2 Nxf3+ 17. gxf3 c6 18. d4 exd4 19. Bxd4 g6 20. Qb3 Qe7 21. O-O
a4 22. Qc3 Bg7 23. Ng3 h5 24. h4 Qe6 25. Rfd1 Rad8 26. Kg2 Rd7 27. Qc2 Qb3 28.
Qxb3 axb3 29. Bb6 Ree7 30. Ne2 Rxd1 31. Rxd1 Rd7 32. Rxd7 Nxd7 33. Bd4 Ne5 34.
Nc1 Nd3 35. Bxg7 Nxc1 36. Bc3 Nd3 37. Kf1 Nf4 38. Bf6 Kf8 39. Ke1 Ke8 40. Kd2
Kd7 41. Ke3 Ke6 42. Bd8 Ng2+ 43. Ke2 Nf4+ 44. Kd2 f6 45. Bc7 Ng2 46. Bg3 g5 47.
hxg5 fxg5 48. Kc3 h4 49. Bh2 Ne1 50. f4 gxf4 51. Bxf4 Nf3 52. Kxb3 h3 53. Kc4 b6
54. a4 h2 55. Bxh2 Nxh2 56. f4 Nf3 57. b4 1-0

[Event "Mondiale Lampo FIDE 2019"]
[Site "Mosca"]
[Date "30.12.2019"]
[Round "19.12"]
[White "Fedoseev, Vladimir3"]
[Black "Inarkiev, Ernesto"]
[Result "1/2-1/2"]
[WhiteTitle "GM"]
[BlackTitle "GM"]
[WhiteElo "2677"]
[BlackElo "2663"]
[WhiteFideId "24130737"]
[BlackFideId "4162722"]
[EventDate "2019.12.29"]

1. d4 d5 2. c4 e6 3. Nf3 Nf6 4. Nc3 dxc4 5. e3 c5 6. Bxc4 a6 7. O-O b5 8. Be2
Bb7 9. dxc5 Bxc5 10. Qxd8+ Kxd8 11. Nd2 Ke7 12. Nb3 Bd6 13. Na5 Bc6 14. a3 Rd8
15. Rd1 Ra7 16. Nxc6+ Nxc6 17. Bd2 Rc7 18. Be1 Rdc8 19. Na2 Nd5 20. a4 bxa4 21.
Nc3 Nxc3 22. Bxc3 Be5 23. Bxe5 Nxe5 24. Rxa4 Rb8 25. b4 Rcb7 26. Rxa6 Rxb4 27.
f4 Nd7 28. Bf3 Rb1 29. Ra1 Rxa1 30. Rxa1 Nf6 31. Ra7+ Kf8 32. g4 Rd8 33. g5 Nd5
34. Kf2 g6 35. h4 Kg7 36. h5 h6 37. gxh6+ Kf6 38. hxg6 Kxg6 39. Be4+ f5 40. Bxd5
Rxd5 41. h7 Rd8 42. e4 Rh8 43. Ra6 Kf7 44. Ra7+ Kg6 45. e5 Rxh7 46. Rxh7 1/2-1/2

[Event "Mondiale Lampo FIDE 2019"]
[Site "Mosca"]
[Date "30.12.2019"]
[Round "19.13"]
[White "Svidler, Peter"]
[Black "Sargissian, Gabriel"]
[Result "1-0"]
[WhiteTitle "GM"]
[BlackTitle "GM"]
[WhiteElo "2723"]
[BlackElo "2689"]
[WhiteFideId "4102142"]
[BlackFideId "13300881"]
[EventDate "2019.12.29"]

1. Nf3 d5 2. g3 c6 3. Bg2 Bg4 4. d3 Nf6 5. h3 Bh5 6. g4 Bg6 7. Nh4 e6 8. e3 Be7
9. Nd2 Nfd7 10. Nxg6 hxg6 11. Qe2 a5 12. f4 g5 13. Nf3 gxf4 14. exf4 Na6 15. O-O
Qc7 16. d4 O-O-O 17. c3 Bd6 18. Ne5 Rdf8 19. a3 a4 20. Qc2 Qa5 21. b4 axb3 22.
Qxb3 Qb6 23. Rb1 Qxb3 24. Rxb3 Nc7 25. a4 Bxe5 26. fxe5 f6 27. Ba3 Rf7 28. g5 c5
29. c4 dxc4 30. Rxb7 Nd5 31. Ra7 Ne3 32. Ra8+ Nb8 33. Rb1 1-0

[Event "Mondiale Lampo FIDE 2019"]
[Site "Mosca"]
[Date "30.12.2019"]
[Round "19.14"]
[White "Sychev, Klementy"]
[Black "Andreikin, Dmitry"]
[Result "0-1"]
[WhiteTitle "GM"]
[BlackTitle "GM"]
[WhiteElo "2563"]
[BlackElo "2724"]
[WhiteFideId "4114060"]
[BlackFideId "4158814"]
[EventDate "2019.12.29"]

1. e4 e5 2. Nf3 Nc6 3. d4 exd4 4. Nxd4 Qf6 5. Ne2 Bc5 6. Nf4 Nge7 7. Nc3 Bb4 8.
Bd2 Bxc3 9. bxc3 b6 10. Bd3 Bb7 11. O-O Ne5 12. c4 O-O 13. Nh5 Qc6 14. Bc3 f6
15. f4 Nxd3 16. cxd3 d5 17. Bb4 dxe4 18. Bxe7 Rf7 19. Ba3 exd3 20. Qf3 Qxf3 21.
gxf3 Rd8 22. Kf2 d2 23. Rad1 Rd3 24. Bb2 Bxf3 25. Ng3 Bxd1 26. Rxd1 Re7 27. Nf1
Re4 28. Nxd2 Rxf4+ 29. Ke2 Rh3 30. Rh1 Rfh4 31. Rg1 Rxh2+ 32. Kd3 Kf7 33. Bc3 h5
34. c5 bxc5 35. Rb1 Rg4 36. Rb7 h4 37. Rxc7+ Kg6 38. Nf3 Rh3 39. Ke2 Re4+ 0-1

[Event "Mondiale Lampo FIDE 2019"]
[Site "Mosca"]
[Date "30.12.2019"]
[Round "19.15"]
[White "Jobava, Baadur"]
[Black "Nozdrachev, Vladislav"]
[Result "1/2-1/2"]
[WhiteTitle "GM"]
[BlackTitle "IM"]
[WhiteElo "2604"]
[BlackElo "2494"]
[WhiteFideId "13601520"]
[BlackFideId "24113441"]
[EventDate "2019.12.29"]

1. b3 Nf6 2. Bb2 d5 3. e3 e6 4. f4 g6 5. Nf3 Bg7 6. g4 h6 7. Bg2 c5 8. O-O Nc6
9. h3 O-O 10. Ne5 Bd7 11. d3 Nxe5 12. Bxe5 Bc6 13. Nd2 Qe7 14. Nf3 Nd7 15. Bxg7
Kxg7 16. Qd2 e5 17. d4 cxd4 18. exd4 e4 19. Ne5 f6 20. Nxc6 bxc6 21. f5 g5 22.
c4 Qd6 23. Qe3 a5 24. Rac1 a4 25. c5 Qb8 26. b4 Qxb4 27. Rb1 Qa5 28. Qg3 Ra7 29.
Rf2 Qc7 30. Qxc7 Rxc7 31. Rfb2 Ra8 32. Bf1 Raa7 33. Kf2 Kf7 34. a3 Ke7 35. Be2
Kd8 36. Rb4 Kc8 37. Ke3 Ra8 38. R1b2 Rca7 39. Bd1 Rb8 40. Rxb8+ Nxb8 41. Rb4 Kc7
42. Bc2 Na6 43. Rxa4 Kb7 44. Ra5 Nc7 45. Rxa7+ Kxa7 46. Ba4 Kb7 47. Kd2 Nb5 1/2-1/2

[Event "Mondiale Lampo FIDE 2019"]
[Site "Mosca"]
[Date "30.12.2019"]
[Round "19.16"]
[White "Nihal, Sarin"]
[Black "Shimanov, Aleksandr"]
[Result "1-0"]
[WhiteTitle "GM"]
[BlackTitle "GM"]
[WhiteElo "2612"]
[BlackElo "2587"]
[WhiteFideId "25092340"]
[BlackFideId "4198603"]
[EventDate "2019.12.29"]

1. e4 c6 2. d4 d5 3. exd5 cxd5 4. Bd3 Nc6 5. c3 Qc7 6. Ne2 Bg4 7. O-O e6 8. Qe1
Nf6 9. f3 Bh5 10. Qh4 Rg8 11. Bf4 Qb6 12. Nd2 Bg6 13. Bxg6 hxg6 14. Qf2 Be7 15.
Rfb1 Nh5 16. Be3 Qc7 17. a4 Rh8 18. g3 Nf6 19. Nf4 g5 20. Nd3 g4 21. Bf4 Qd8 22.
Re1 Kf8 23. Ne5 gxf3 24. Qxf3 Kg8 25. Re2 Nxe5 26. Bxe5 Nd7 27. Rf1 Qe8 28. Qg4
Rh7 29. Nf3 Nf6 30. Bxf6 Bxf6 31. a5 Qb5 32. Ref2 Rf8 33. Nd2 Kh8 34. Nf3 Rh6
35. Kg2 Qd3 36. h4 Kg8 37. Ng5 Bxg5 38. Qxg5 Qe4+ 39. Kh2 f6 40. Qd2 Kf7 41.
Qxh6 gxh6 42. Rxf6+ Kg7 43. Rxf8 Qc2+ 44. R1f2 Qb3 45. h5 1-0

[Event "Mondiale Lampo FIDE 2019"]
[Site "Mosca"]
[Date "30.12.2019"]
[Round "19.17"]
[White "Adly, Ahmed"]
[Black "Grigoriants, Sergey"]
[Result "1-0"]
[WhiteTitle "GM"]
[BlackTitle "GM"]
[WhiteElo "2607"]
[BlackElo "2542"]
[WhiteFideId "10601619"]
[BlackFideId "4130804"]
[EventDate "2019.12.29"]

1. Nf3 d5 2. g3 Bg4 3. Bg2 c6 4. O-O e6 5. d3 Nd7 6. Nbd2 Bd6 7. e4 Ne7 8. h3
Bh5 9. Qe1 O-O 10. g4 Bg6 11. Nh4 Qc7 12. d4 Bf4 13. c4 Rad8 14. Nxg6 Nxg6 15.
cxd5 cxd5 16. exd5 exd5 17. Nb3 Nf6 18. Qa5 b6 19. Qb5 h5 20. gxh5 Nh4 21. Qd3
Nxh5 22. Qe2 g6 23. Qg4 Nxg2 24. Kxg2 Rfe8 25. Rg1 Re4 26. Kh1 Kh7 27. Qf3 Qd7
28. Be3 Rde8 29. Rae1 Bxe3 30. fxe3 R8e6 31. Rg5 Rh4 32. Kg1 Qe7 33. Rxd5 Rf6
34. Qg2 Nf4 35. Qg3 Rxh3 36. Qg4 Qe4 1-0